Najwięcej występów w Wiśle Kraków od 1993 roku! - Statystyki

Ogólne statystyki
  • Ten quiz został rozwiązany 25 razy
  • Średni wynik to 6 z 10
Statystyki odpowiedzi
Liczba występów Pozycja Liczba goli Lata gry w Wiśle Zawodnik % Poprawnych
440 Obrońca 17 2000-2010, 2012-2018 Arkadiusz Głowacki
88%
419 Napastnik 169 2001-2004, 2013-2020 Paweł Brożek
88%
246 Napastnik 145 1999-2005, 2010-2012 Maciej Żurawski
79%
306 Obrońca 12 2000-2009 Marcin Baszczyński
79%
236 Pomocnik 16 2004-2013 Radosław Sobolewski
71%
229 Napastnik 150 1998-2005 Tomasz Frankowski
71%
376 Pomocnik 64 2006-2021 Rafał Boguski
50%
267 Pomocnik 45 2006-2013, 2016-2018 Patryk Małecki
38%
231 Obrońca 7 2014-2022 Maciej Sadlok
33%
242 Pomocnik 38 1993-2004 Grzegorz Pater
17%
Nie znaleziono quizów pasujących do podanych kryteriów
Rozkład punktacji
Procent ludzi z każdym wynikiem
Percentyl według liczby udzielonych odpowiedzi
Twoja historia wyników
Nie rozwiązałeś tego quizu